00731nam a2200217 i 450000100060000000300090000600500170001500700030003200800410003510000440007624500800012025000120020026000630021230000110027549000110028670000270029783000190032485200320034399900170037595201210039252267ES-MaACL20251211063017.0t|030827s1955 sp ||||1| spa d0 aChautard, Jean Baptiste, cabad93821613aEl alma de todo apostolado / cJ.B. Chautard ; traducido por Manuel Onieva. a9ª ed. aSan Sebastián : bDinor, c1955 (ePamplona : fGómez) a286 p.1 aPrisma1 aOnieva, Manuel.98708200aPrisma9180749 aES-MaACLjC-10601 bR.38546 c52267d52267 00104070aATENEOMbATENEOMcSPALd2008-01-17eSCl0oC-10601p1054947r2023-02-23 00:00:00w2023-02-23yMONOGRAFIA